LEADER 00966nam a2200253 i 4500 001 000000143030 003 CaOOAMICUS 005 20101021000000.0 008 101021s1953 it u000 u mul u 013 $a118386 040 $aSeMil$bita 100 1 $aMiddleton Murry, John.$0(OLS)http://semarc/name/57384 240 10$aShakespeare.$0(OLS)http://semarc/title/45553 245 10$aShakespeare /$cJohn Middleton Murry ; traduzione di Francesco Lo Bue. 260 $aTorino :$bEinaudi,$c1953. 300 $a439 p., [6] p. di tav. :$bill. ;$c22 cm. 490 0 $aSaggi ;$v163 700 1 $aLo Bue, Francesco.$0(OLS)http://semarc/name/57385 830 0$aSaggi ;$v163.$0(OLS)http://semarc/title/341 850 $aSeMil 852 $aSeMil$W1$xVenegono$y1$m1P III 50$j96160$B96160$CSeMilBibl$Z2$F156445 $81 961 $aOmaggio: Altro 996 $6245$aShakespeare$9(OLS)http://semarc/title/45554 996 $6260$aTorino :$bEinaudi$9(OLS)http://semarc/publisher/29884 LEADER 00795nam a2200205 i 4500 001 000000106360 003 CaOOAMICUS 005 20031112000000.0 008 031112s1993 it u000 u ita u 013 $a78554 020 $a88-399-2355-1 040 $aSeMil$bita 245 10$aTempo ordinario :$banno pari : settimana 1.-11. 300 $a415 p. 773 0 $aDella Torre, Luigi <1927-1996>$tCommento delle messe feriali.$dBrescia : Queriniana, copyr. 1991-copyr. 1994.$gVol.7$w()636 850 $aSeMil 852 $aSeMil$W1$xVenegono$y1$m3F VI 132$j62497$B62497$CSeMilBibl$Z2$F76923 $81 961 $aLascito: Olgiati don Giuseppe 996 $6020$a88-399-2355-1$9(OLS)http://semarc/number/86955 996 $6245$aTempo ordinario :$banno pari : settimana 1.-11$9(OLS)http://semarc/title/154215